Studying childhood and early childhood : (Record no. 142590)

MARC details
000 -LEADER
fixed length control field 00859cam a22002775a 4500
008 - FIXED-LENGTH DATA ELEMENTS--GENERAL INFORMATION
fixed length control field
020 ## - INTERNATIONAL STANDARD BOOK NUMBER
International Standard Book Number 9781849201353 (pbk.)
049 ## - LOCAL HOLDINGS (OCLC)
Holding library MAIN
090 ## - LOCALLY ASSIGNED LC-TYPE CALL NUMBER (OCLC); LOCAL CALL NUMBER (RLIN)
Classification number (OCLC) (R) ; Classification number, CALL (RLIN) (NR) LB1139.23
Local cutter number (OCLC) ; Book number/undivided call number, CALL (RLIN) KAY
003 - CONTROL NUMBER IDENTIFIER
control field
005 - DATE AND TIME OF LATEST TRANSACTION
control field 20230123125510.0
040 ## - CATALOGING SOURCE
Transcribing agency NUST
100 1# - MAIN ENTRY--PERSONAL NAME
Personal name Sambell, Kay.
245 10 - TITLE STATEMENT
Title Studying childhood and early childhood :
Remainder of title a guide for students /
Statement of responsibility, etc. Kay Sambell, Sue Miller, Mel Gibson.
250 ## - EDITION STATEMENT
Edition statement 2nd ed.
260 ## - PUBLICATION, DISTRIBUTION, ETC.
Place of publication, distribution, etc. London :
Name of publisher, distributor, etc. Sage,
Date of publication, distribution, etc. 2010
300 ## - PHYSICAL DESCRIPTION
Extent xvi,142 p. ;
Dimensions 25 cm.
500 ## - GENERAL NOTE
General note Includes index.
504 ## - BIBLIOGRAPHY, ETC. NOTE
Bibliography, etc. note Includes bibliographical references.
650 #0 - SUBJECT ADDED ENTRY--TOPICAL TERM
Topical term or geographic name entry element Early childhood education
General subdivision Study and teaching.
650 #0 - SUBJECT ADDED ENTRY--TOPICAL TERM
Topical term or geographic name entry element Early childhood teachers
General subdivision Training of.
700 1# - ADDED ENTRY--PERSONAL NAME
Personal name Miller, Sue.
700 1# - ADDED ENTRY--PERSONAL NAME
Personal name Gibson, Mel.
907 ## - LOCAL DATA ELEMENT G, LDG (RLIN)
a .b10324781
b 30-10-13
c 11-12-12
942 ## - ADDED ENTRY ELEMENTS (KOHA)
Koha item type Ordinary Loan Books
Call number prefix LB1139.23
Call number suffix KAY
Holdings
Date last seen Total Checkouts Full call number Barcode Cost, replacement price Price effective from Koha item type Lost status Source of classification or shelving scheme Damaged status Not for loan Collection Withdrawn status Home library Current library Shelving location Date acquired Cost, normal purchase price
01/23/2023   LB1139.23 SAM 92004032487 80.00 01/23/2023 BOOKS   LCC     NFIC   MAIN MAIN GEN 01/23/2023 80.00